Guess the Bear! - Statistics

General Stats
  • This quiz has been taken 36 times
  • The average score is 5 of 7
Answer Stats
Picture Answer % Correct
Panda
100%
Polar
100%
Grizzly
92%
Black bear
67%
Brown bear
54%
Sun bear
42%
Sloth bear
25%
No matching quizzes found
Score Distribution
Percent of People with Each Score
Percentile by Number Answered
Your Score History
You have not taken this quiz